[Event "EU-ch 5th"]
[Site "Antalya"]
[Date "2004.05.16"]
[Round "2"]
[White "Cheparinov, Ivan"]
[Black "Grunberg, Mihai Lucian"]
[Result "1-0"]
[WhiteElo "2555"]
[BlackElo "2401"]
[Annotator "Finkel,A"]
[PlyCount "95"]
[EventDate "2004.05.15"]
[EventType "swiss"]
[EventRounds "13"]
[EventCountry "TUR"]
[SourceTitle "CBM 101"]
[Source "ChessBase"]
[SourceDate "2004.07.27"]
[SourceVersion "1"]
[SourceVersionDate "2004.07.27"]
[SourceQuality "1"]

1. e4 Nf6 2. e5 Nd5 3. d4 d6 4. c4 Nb6 5. f4 $5 {The mos ambitious way to meet
an Alekhine defense.} g6 $6 {After this move white gets very comfortable
advantage.} 6. Nc3 Bg7 7. Be3 dxe5 8. dxe5 {The endgame is exteremly
unpleasent for black, so there is no point in deviaing from queen's trade.} (8.
fxe5 c5 9. dxc5 N6d7 10. e6 fxe6 11. Nf3 O-O 12. Be2 Nc6 13. O-O $14 {Neffe,
A-Dankert,P/Germany 1998}) 8... Qxd1+ (8... O-O 9. Nf3 Bg4 10. c5 Nc8 11. Bc4
e6 12. Qxd8 Rxd8 13. Nd4 g5 14. g3 Nc6 15. Nxc6 bxc6 16. O-O $14 {Filipenko,
A-Fokin,S/Kursk 1987}) 9. Rxd1 Be6 (9... Bg4 10. Rd2 Nc6 11. c5 Nd7 12. Bb5
O-O-O 13. a3 Be6 14. Bxc6 bxc6 15. Nf3 $14 {Gauche,C-Lima,D/Imperatriz 2003})
10. b3 f6 (10... c6 11. Nf3 Na6 12. Be2 O-O 13. O-O Rad8 14. Ng5 Nc7 15. Nce4
$16 {Munoz Pantoja,M-Castillo,P/Barcelona 2002}) 11. c5 $1 {Black pieces are
awkwardly placed, so white makes a move!} N6d7 (11... Nc8 12. Nb5 Na6 13. c6
bxc6 14. Nd4 Bd5 15. Bxa6 Bxg2 16. Bb7 $18) 12. Nb5 Na6 13. c6 $1 {[%csl Ra6,
Re6] Forcing black ro give up 2 minor pieces for the rook.} bxc6 14. Nd4 Nac5
15. b4 (15. exf6 Bxf6 16. b4 Bg4 17. bxc5 Bxd1 18. Kxd1 Nxc5 19. Nxc6 $16)
15... fxe5 16. fxe5 Bg4 17. bxc5 Bxd1 18. Kxd1 Nxe5 19. Ne6 Ng4 $5 {Other
alternatives are even worse.} (19... Kf7 20. Ng5+ (20. Nxg7 $5 Rhd8+ 21. Kc2
Ng4 (21... Kxg7 22. Be2 Rab8 23. Nf3 $16) 22. Bf4 Nf2 23. Be5 Nxh1 24. Bc4+ Rd5
25. Bxd5+ cxd5 26. Nf3 $16) 20... Kf6 21. N1f3 Nxf3 22. Nxf3 e5 23. Bd3 $16)
20. Kd2 $6 {Witht this move white permits black to reorganize his pieces and
to get serious drawing chances.} (20. Nxg7+ Kf7 21. Bc4+ Kxg7 22. Ke2 Nxe3 23.
Kxe3 Rab8 24. Nf3 $16) 20... Rb8 21. Nxg7+ Kf7 22. Ne6 $5 Kxe6 23. Bc4+ Kf6 24.
Bb3 Rhd8+ 25. Ke2 Nxe3 26. Kxe3 Rb5 $14 27. Nf3 Rxc5 28. Nd2 Rc3+ (28... Kg7
29. Ne4 Rf5 30. Rc1 $16) 29. Ke2 Kg7 $2 (29... Ke5 $5) 30. Ne4 Rcd3 31. Rf1 $18
{[%csl Rd3][%cal Gf1f7]} Kh6 32. Rf7 R8d7 33. g4 $1 R3d4 (33... g5 34. Bc2 R3d5
35. Nd6 $1 $18) 34. g5+ Kh5 35. Rxh7+ Kg4 36. Be6+ Kf4 37. Rh4+ Ke5 38. Bxd7
Rxd7 39. Nd2 Kf5 40. Nf3 e5 41. Ke3 Rd5 42. Rc4 c5 43. h4 a6 44. a4 Ke6 45. Ke4
Kd6 46. h5 gxh5 47. g6 Ke6 48. Ng5+ 1-0

[Event "FRA-ch"]
[Site "Narbonne"]
[Date "1997.08.18"]
[Round "4"]
[White "Degraeve, Jean Marc"]
[Black "Santo Roman, Marc"]
[Result "1/2-1/2"]
[WhiteElo "2540"]
[BlackElo "2385"]
[Annotator "Finkel,A"]
[PlyCount "123"]
[EventDate "1997.08.15"]
[EventType "tourn"]
[EventRounds "15"]
[EventCountry "FRA"]
[EventCategory "9"]
[SourceTitle "CBM 061"]
[Source "ChessBase"]
[SourceDate "1997.11.23"]
[SourceVersion "1"]
[SourceVersionDate "1997.11.23"]
[SourceQuality "1"]

1. e4 Nf6 2. e5 Nd5 3. d4 d6 4. c4 Nb6 5. exd6 cxd6 6. Nc3 g6 7. Be3 Bg7 8. Rc1
O-O 9. b3 Nc6 10. d5 Ne5 11. Be2 Re8 {In this position black has tried all
possible moves,but still did'nt come up with variation which leads to quality.
The move which was played in the game is on my opinion the best way to meet
white's setup,but still not enough to reach equality.} 12. Nf3 (12. Bd4 $5 Bf5
13. f4 Nd3+ $8 14. Bxd3 Bxd4 15. Bxf5 Bxg1 16. Rxg1 gxf5 17. Kf1 $16 {[%cal
Gg1g7,Gd1h5] Howell,J-Pottinger,H/Liechtenstein op 1994 (25)} h5) 12... e6 (
12... Ng4 $5 13. Bd4 (13. Bf4 e5 14. dxe6 Bxe6 15. h3 Ne5 16. Nd4 $14) 13...
Bh6 14. Ra1 Nd7 15. O-O Nge5 16. Ne1 Nf8 17. Nc2 f5 18. f4 $14 {Vrenegoor,
T-Solozhenkin,E/Ch Paris open, IV-V 1995 (30)}) 13. dxe6 Bxe6 14. O-O d5 $5 {
Typical idea for this kind of positions:black sacrifices a pawn getting in
return pair of bishops and some space for his pieces.Still white chances
should be prefered.} 15. Bxb6 Qxb6 16. cxd5 Rad8 17. Nxe5 Bxe5 {[%cal Gd8d1]}
18. Bc4 Bf5 19. Qf3 $14 (19. Qd2 $5 a6 20. a4 Qd6 21. g3 h5 22. Rfe1 h4 23. Re3
hxg3 24. hxg3 $14 {Kuczynski,R-Nokka,R/Nordic-chT Pohja 1985/MCL 04 (29)})
19... a6 20. a4 Qf6 21. h3 Bc7 $6 ({Serious attention deserved} 21... h5 $5 {
preventing white from playing g4.}) 22. g4 Qd6 23. Rfe1 Rxe1+ 24. Rxe1 Bd7 25.
Ne4 $16 Qf4 (25... Qh2+ 26. Kf1 b5 $6 27. axb5 axb5 28. Nf6+ Kg7 29. Nxd7 bxc4
30. Re7 $18) 26. Kg2 {Improving position of the king.} Be5 27. Qxf4 Bxf4 28.
Kf3 g5 29. Nf6+ Kf8 30. h4 $5 h6 31. hxg5 hxg5 32. Rh1 Ke7 33. Rh6 b5 34. axb5
axb5 35. d6+ $6 {Extremly strange desicion.White opts for endgame with rooks
and opposite colored bishops,where his winning chances are slim.While after} (
35. Bd3 $1 {black's task is not so easy.}) 35... Kxd6 36. Nxd7+ Kxd7 37. Bxb5+
Ke7 38. Bc4 Rd6 $1 $14 39. Rh7 Rf6 40. Ke4 Bc7 41. f3 Rf4+ 42. Ke3 Bb6+ 43. Ke2
Bd4 44. Bd5 Be5 45. Rh5 Rd4 $1 $11 {After this move white can't make any
progress.} 46. Bc4 f6 47. Bd3 Kd6 48. Kd2 Kc5 49. Kc2 Rd7 50. Rh1 Kb4 51. Rh8
Ra7 52. Bc4 Rd7 53. Ra8 Rd4 54. Ra7 Rf4 55. Bd5 Rd4 56. Be4 Kb5 57. Bd3+ Kb4
58. Ra4+ Kc5 59. Ra5+ Kb6 60. Ra6+ Kc5 61. Bc4 Kb4 62. Rc6 1/2-1/2

[Event "VISA GP"]
[Site "Reykjavik"]
[Date "1998.03.12"]
[Round "3"]
[White "Djurhuus, Rune"]
[Black "Westerinen, Heikki MJ"]
[Result "1/2-1/2"]
[WhiteElo "2510"]
[BlackElo "2410"]
[Annotator "Finkel,A"]
[PlyCount "129"]
[EventDate "1998.03.10"]
[EventType "swiss"]
[EventRounds "9"]
[EventCountry "ISL"]
[SourceTitle "CBM 064"]
[Source "ChessBase"]
[SourceDate "1998.06.02"]
[SourceVersion "1"]
[SourceVersionDate "1998.06.02"]
[SourceQuality "1"]

1. e4 Nf6 2. e5 Nd5 3. d4 Nb6 4. c4 d6 5. exd6 exd6 6. Nc3 g6 (6... Be6 7. Bd3
d5 8. c5 Nc8 9. Bf4 c6 10. Nf3 $14 {Kotter,R-Hoenig,A/NRW-I/1990/}) (6... Nc6
7. Be3 Be7 8. Qf3 O-O 9. O-O-O Be6 10. b3 a5 11. a4 d5 12. c5 Nc8 13. Nge2 Bg5
14. Kb2 Nb4 15. h4 Bxe3 16. fxe3 Qd7 $13 {Chernyshov,K-Zelcic,R/Djakovo op (09)
/1994/}) (6... Bf5 7. Qf3 Qc8 8. Bd3 Bxd3 9. Qxd3 Qe6+ 10. Nge2 Nxc4 11. O-O
Nb6 12. Nf4 Qd7 13. Re1+ Be7 14. Nfd5 Nc6 15. Bg5 f6 16. Bxf6 Nc8 17. Bxg7 {
Guimaraes,J-Reis,L/POR-sf (07)/1993/}) 7. Bd3 (7. Nf3 Bg4 8. h3 Bxf3 (8... Qe7+
9. Be3 Bxf3 10. Qxf3 Nc6 11. Be2 Bg7 12. Rd1 $14 {Kienast,J-Lippert/FRG-chTJ/
1989/}) (8... Bf5 9. Bd3 Bxd3 10. Qxd3 Bg7 11. Bg5 {Grau Carrera,
M-Chalabashvili,T/EU-chJW U10 Herculane (09) /1994/}) 9. Qxf3 Bg7 (9... Nc6 $14
) 10. c5 dxc5 11. dxc5 N6d7 (11... Qe7+ 12. Be3 Bxc3+ 13. bxc3 Qe5 14. Bb5+ c6
15. O-O O-O 16. cxb6 Qxb5 17. Rfb1 $18) 12. Qxb7 Bxc3+ 13. bxc3 Qf6 14. Qe4+
$16 {Kaminski,M-Oliwa,M/POL-ch 1996 (21)}) (7. Be3 $5 Bg7 8. Rc1 Nc6 9. b3 O-O
10. Be2 Re8 11. Nf3 Bg4 12. O-O $14 {Koba Igor-Vlasikhin M/Ch Russia /2 final),
Yaroslavl (Russia) 1995 (29)}) 7... Bg7 8. Nge2 O-O 9. Be3 Nc6 10. b3 Ne7 11.
h4 $5 (11. Ng3 $6 c5 12. Nge2 d5 13. dxc5 dxc4 14. bxc4 Nd7 15. O-O Ne5 $13 {
Dworakowski,L-Oliwa,M/POL-chJ U20 1994 (39)}) 11... Nf5 12. Bxf5 (12. Bg5 Qe8
13. Bxf5 Bxf5 14. Qd2 c5 15. O-O-O Rc8 {[%cal Gd6d5]} 16. d5 $14 {[%csl Rb6]
[%cal Gf2f3,Gg2g4]}) 12... Bxf5 13. h5 Qe7 (13... Re8 $5 {[%csl Gg7]} 14. hxg6
fxg6 15. Qd2 d5 16. c5 Nd7 17. Bg5 Nf6 18. f3 $14) 14. Qd2 c6 15. O-O-O d5 16.
c5 Nd7 17. Ng3 Be6 18. Bg5 $1 Bf6 (18... f6 19. Bf4 Rfe8 20. hxg6 hxg6 21. Bd6
Qf7 22. Rh2 $40 {[%cal Gd1h1]}) 19. Bf4 $1 Nxc5 $5 (19... Rfe8 20. Bd6 Qd8 21.
hxg6 fxg6 22. Kb1 {[%cal Rd2h6]} Bg7 $14) 20. dxc5 Qxc5 21. Kb2 Qb4 (21...
Bxc3+ $6 22. Qxc3 Qxf2+ 23. Bd2 $40 {[%csl Rf6,Rg7,Rh6]} Qxg2 $2 24. Qf6 $18 {
[%cal Gh5h6]}) 22. Bg5 Bh8 23. Rh4 $1 $16 Qa5 24. b4 Qb6 (24... Qa4 $5 25. hxg6
(25. Rdh1 a5 26. hxg6 fxg6 27. Rxh7 Qxb4+ 28. Kc2 Bxc3 29. Qxc3 Rxf2+ 30. Bd2
Qxc3+ 31. Kxc3 Raf8 32. Rh8+ Kf7 33. R1h7+ Ke8 34. Rxf8+ Kxf8 35. Rxb7 Rxg2 36.
Nf1 c5 $11) 25... fxg6 26. Re1 Rae8 (26... a5 27. Rxe6 axb4 {[%tqu "En","","",
"","e6g6","",5]} 28. Rxg6+ $1 Kf7 29. Rxh7+ Kxg6 30. Qd3+ Kxg5 31. Rh5+ Kf6 32.
Qf5+ Ke7 33. Rh7+ Kd6 34. Nge4+ dxe4 35. Rd7#) 27. f3 a5 28. a3 $14) 25. Be3 d4
$6 (25... Qd8 $5 26. Rhh1 $1 (26. Rdh1 Bf6 27. Rf4 a5 (27... g5 28. Rxf6 Qxf6
29. Bxg5 $16) 28. Rxf6 $1 (28. Bd4 Bg5 29. hxg6 fxg6 30. Rxf8+ Qxf8 $1 31. Qxg5
Qxb4+ $132) 28... Qxf6 29. Bd4 Qe7 $8 (29... Qd8 30. Qh6 f6 31. hxg6 $18) 30.
Bc5 Qf6 31. Bxf8 Kxf8 32. hxg6 hxg6 33. bxa5 Rxa5 34. Qh6+ Ke7 35. Qh4 {
[%cal Gh4b4]} d4 36. Qxf6+ Kxf6 37. Nce4+ Ke5 38. a3 $14) 26... a5 27. Bd4 axb4
(27... Bxd4 28. Qxd4 axb4 29. Qxb4 g5 30. Rhe1 $16) 28. Bxh8 Qa5 $1 29. Kb1
Kxh8 30. hxg6 fxg6 $8 (30... bxc3 31. Rxh7+ Kg8 32. Rh8+ Kxh8 33. Qh6+ Kg8 34.
Qh7#) 31. Qd4+ Kg8 {[%tqu "En","","","","h1h7","",10]} 32. Rxh7 $1 Kxh7 33.
Rh1+ Kg8 34. Rh8+ Kf7 35. Rh7+ Ke8 36. Qe5 Kd8 37. Qxe6 $18) 26. Bxd4 Qxb4+ 27.
Kc2 Rfd8 28. hxg6 fxg6 29. Qh6 (29. Qe3 $5 Qe7 $8 30. Re4 Bxd4 31. Rdxd4 Rxd4
32. Qxd4 $16) 29... Qe7 30. Bxh8 Rxd1 (30... Kxh8 31. Rdh1 Rd7 32. Qxg6 $18)
31. Bf6 $1 Qxf6 32. Qxh7+ Kf8 33. Qh8+ (33. Nge4 $1 Bf5 (33... Rad8 $5 34. Nxd1
(34. Nxf6 R8d2#) 34... Bf5 35. Qh8+ Qxh8 36. Rxh8+ Ke7 37. Rxd8 Bxe4+ 38. Rd3
$18) 34. Kxd1 Qd4+ 35. Kc1 $18) 33... Qxh8 34. Rxh8+ Bg8 35. Kxd1 b5 36. a3 a5
37. Rh4 Rb8 38. Kc2 b4 39. axb4 axb4 40. Na4 $18 {[%csl Rc6]} Kg7 41. Rd4 (41.
Ne4 {[%cal Ge4c5]} b3+ 42. Kb2 Rb4 43. Nac5 Bd5 44. f3 $18 {[%cal Gh4h1,Gh1c1,
Gc1c3]}) 41... Bd5 42. Ne4 g5 43. f3 Kg6 44. Nec5 $2 {[%csl Ra4]} (44. Nac5 $18
) 44... Kf5 45. Rg4 Rh8 46. Ne4 $6 (46. Nb6 Rh4 47. Nxd5 cxd5 48. Rxh4 gxh4 49.
Nd3 $18 {[%csl Ge4,Gf4,Gg4]}) 46... Bxe4+ 47. Rxe4 Rh2 48. Rg4 {[%tqu "En","",
"","","h2h4","trtr",10]} Rh4 $1 49. Rxh4 gxh4 50. Nc5 (50. Kd3 Kf4 51. Ke2 Kg3
52. Kf1 h3 53. gxh3 Kxf3 $11) 50... Kf4 51. Nd3+ Ke3 $1 $11 (51... Kg3 $2 52.
Ne1 Kf2 53. f4 $18) 52. Nxb4 (52. f4 Ke4 {[%csl Rf4][%cal Gc6c5,Gc5c4]} 53. Kd2
c5 54. Ke2 b3 55. Nxc5+ Kxf4 56. Kf2 b2 57. Nd3+ Kg4 58. Nxb2 h3 59. g3 h2 $11)
52... Kf2 53. f4 $8 Kxg2 54. f5 h3 55. f6 h2 56. f7 h1=Q 57. f8=Q Qf1 58. Qg7+
Kh1 59. Qh6+ Kg1 60. Nd3 Qe2+ 61. Kc3 Qf3 62. Qg5+ Kf1 63. Kd4 Qd5+ 64. Qxd5
cxd5 65. Kxd5 1/2-1/2

[Event "ESP-chT"]
[Site "Sanxenxo"]
[Date "2004.11.23"]
[Round "6"]
[White "Rahal, Michael"]
[Black "Fernandez Garcia, Jose Luis"]
[Result "1-0"]
[WhiteElo "2416"]
[BlackElo "2479"]
[Annotator "Finkel,A"]
[PlyCount "71"]
[EventDate "2004.11.18"]
[EventType "team"]
[EventRounds "9"]
[EventCountry "ESP"]
[SourceTitle "CBM 105"]
[Source "ChessBase"]
[SourceDate "2005.04.11"]
[SourceVersion "1"]
[SourceVersionDate "2005.04.11"]
[SourceQuality "1"]

1. e4 Nf6 2. e5 Nd5 3. d4 d6 4. c4 Nb6 5. exd6 exd6 6. Nc3 Be7 7. Bd3 c5 $2 {
Very dubious continuation after which black finds himself in a very difficult
position.} (7... Nc6) (7... O-O) 8. d5 O-O 9. Qc2 {White has quite a few
promising alternatives since regardless of white's plan black is deprived of
any active play.} (9. Nge2 N8d7 10. f4 Nf6 11. Qc2 Rb8 12. h3 Na8 13. g4 Kh8
14. b3 Nc7 15. g5 $16 {Rodriguez,A-Rausis,I/Ubeda 1997}) 9... f5 $6 {[%csl Re6]
} (9... h6 10. Nge2 N8d7 11. f4 Nf6 12. O-O Re8 13. h3 Nbd7 14. b3 $16 {
[%cal Gc1b2,Gg2g4,Ge2g3]}) 10. Nge2 Na6 11. a3 Bf6 12. O-O ({I'd probably opt
for} 12. Bd2 $5 Re8 13. O-O-O Nc7 14. f4 g6 15. h3 Bg7 16. Rdg1 $16 {[%cal
Gg2g4] with a very good chances to finish the game by direct attack.}) 12...
Be5 13. f4 Bf6 14. Bd2 Bd7 15. b3 Nc8 16. Kh1 Ne7 17. Rae1 Nc7 18. Ng1 {
Transferring the knight to g5.} Rb8 (18... b5 19. Nf3 Rb8 20. Re2 a5 21. Rfe1
a4 22. bxa4 bxc4 23. Bxc4 Re8 24. Qd3 $16) 19. Nf3 Ng6 $6 {Even though b5
break could hardly cause white any problems it was necessary to seek for the
counterplay on the queenside. Not to mention that the knight proves to be
vulnerable at g6.} 20. Ng5 Qc8 21. a4 a6 22. h3 Ne7 23. Re2 h6 (23... b5) 24.
Nf3 Ng6 $2 {[%csl Rg6] Black knight comes to g6 for the second time and for
the second time it should rather not!} 25. g4 $18 Bxc3 (25... fxg4 26. hxg4
Bxc3 27. Bxc3 Nxf4 28. Re7 Ne8 29. Bh7+ Kh8 30. Bxg7+ Nxg7 31. Qc3 $18) 26.
Bxc3 Nxf4 27. Re7 Ne8 28. Nh4 {To say that white pieces are dominating the
board is just an understament!} Qd8 (28... Nxd3 29. Qxd3 fxg4 30. Qg6 $1 {
[%csl Rg7]} Rxf1+ 31. Kg2 Rf6 32. Bxf6 Nxf6 33. Qxg7#) 29. Rfe1 Rf7 (29... Nxd3
30. Qxd3 Rf7 31. Nxf5 Bxf5 32. Rxe8+ $18) 30. Nxf5 Bxf5 (30... Nf6 31. Rxf7
Kxf7 32. Re7+ Kf8 33. Bxf6 gxf6 34. Rh7 $18) 31. Rxe8+ Qxe8 32. Rxe8+ Rxe8 33.
Bxf5 Re2 34. Qc1 Nxh3 35. Qf1 Re3 (35... Nf2+ 36. Kg1 Rfe7 37. Be6+ $18) 36.
Bd2 1-0

[Event "Bydgoszcz m 20'"]
[Site "Bydgoszcz"]
[Date "2001.04.05"]
[Round "1"]
[White "Shirov, Alexei"]
[Black "Macieja, Bartlomiej"]
[Result "1/2-1/2"]
[WhiteElo "2722"]
[BlackElo "2608"]
[Annotator "Finkel,A"]
[PlyCount "89"]
[EventDate "2001.05.05"]
[EventType "tourn"]
[EventRounds "4"]
[EventCountry "POL"]
[SourceTitle "CBM 083"]
[Source "ChessBase"]
[SourceDate "2001.07.05"]
[SourceVersion "1"]
[SourceVersionDate "2001.07.05"]
[SourceQuality "1"]

1. e4 Nf6 2. e5 Nd5 3. d4 d6 4. c4 Nb6 5. exd6 exd6 6. Nf3 Be7 7. Bd3 Bg4 (7...
O-O 8. O-O Bg4 9. Be3 Nc6 10. Nbd2 f5 11. Qb3 Kh8 12. h3 Bh5 13. d5 Ne5 14. Nd4
$16 {Grosar,K-Raspor,G/Open 1999}) 8. h3 (8. Be3 O-O (8... Nc6 9. Nbd2 Bf6 10.
h3 Bh5 11. Be2 Bg6 12. Qb3 a5 13. Bd3 a4 14. Qa3 O-O $11 {Holmsten,A-Bagirov,V/
Heart of Finland op 1997}) 9. Nbd2 Nc6 10. a3 d5 11. c5 Nd7 12. Qc2 g6 13. h3
Be6 14. O-O f5 15. Rfe1 $14 {Pfaffel,T-Golubovic,B/Stockerau op 1993}) 8... Bh5
9. O-O (9. Nc3 Nc6 10. Be3 O-O 11. b3 f5 12. g4 Bg6 13. gxf5 Bxf5 14. Bxf5 Rxf5
15. d5 Bf6 $36 {Kraft,V-Wolff,A/Geneva op 1996}) 9... Nc6 10. Be3 O-O 11. Nc3
Bf6 12. g4 Bg6 13. Bxg6 $5 {Shirov plays the opening part of the game very
energetically and manages to get an opening advantage.} (13. Ne4 Bxe4 14. Bxe4
Nxc4 15. Bxh7+ Kxh7 16. Qd3+ g6 17. Qxc4 d5 18. Qd3 Qd7 $132 {Snuverink,J-Span,
P/ch-NED (u-20) 1999}) 13... hxg6 14. g5 Be7 15. d5 Ne5 (15... Nb8 16. Qd4 N8d7
17. b3 (17. Qg4 f5) 17... Nc5 18. Rae1 Qd7 19. Kg2 Rae8 $14) 16. Nxe5 dxe5 17.
Qg4 Qc8 ({Dserved attention} 17... Qe8 $5 {[%cal Gf7f5] keeing the queens on
the board.}) 18. b3 Qxg4+ 19. hxg4 Nd7 (19... f5 20. gxf6 gxf6 21. Kg2 f5 22.
f3 Rf7 23. Rad1 $14) 20. Nb5 $6 (20. Kg2 Bc5 21. Rae1 Bxe3 22. fxe3 f6 23. Nb5
$14) 20... a6 $5 21. d6 $5 {Winning a tempo comparing to the following
variaton,but advantage proves to be insuficient to win the game.} (21. Nxc7 $6
Rac8 22. d6 Bxd6 23. Rad1 Bxc7 24. Rxd7 Rfd8 25. Rfd1 Rxd7 26. Rxd7 b6 $14)
21... cxd6 (21... axb5 22. dxe7 Rfe8 23. cxb5 Rxe7 24. a4 $14) 22. Nxd6 Bxd6
23. Rad1 Bc7 24. Rxd7 Rac8 25. Rfd1 Rfd8 26. Kg2 (26. b4 $5 Rxd7 27. Rxd7 b6
28. a4 Kf8 29. c5 bxc5 30. Bxc5+ Kg8 31. b5 axb5 32. axb5 Ba5 $14) 26... Rxd7
27. Rxd7 b6 $1 {[%csl Gc5]} (27... Kf8 28. Bc5+) 28. Kf3 Kf8 29. Ke4 Ke8 30.
Rd5 (30. Rd1 Ke7 31. Rh1 Ke6 32. Rh7 f5+ (32... b5 $5 33. c5 (33. Rxg7 bxc4 34.
bxc4 Bd6 35. Kd3 Rh8 $1 $17 {[%csl Rg7][%cal Gd6f8]}) 33... Ba5 34. a3 b4 35.
a4 $14) 33. gxf6 gxf6 34. Rh6 $14) 30... Ke7 31. c5 bxc5 32. Rxc5 Kd7 33. Rc4
Re8 (33... Bb8 $2 34. Rxc8 Kxc8 35. Kd5 Kd7 36. Bc5 $18 {[%csl Re5,Rg7]}) 34.
b4 (34. Ra4 Re6) 34... Rb8 35. a4 Bd6 36. Bd2 Ke6 37. Rc6 Kd7 $1 38. Rxa6 (38.
Kd5 Bxb4 39. Be3 a5 40. Ra6 Bc3) 38... Bxb4 39. Be3 Bd6 40. Kd5 $6 (40. Bb6 $5
Rb7 41. a5 $14) 40... Bc7 $1 $11 41. a5 (41. Ra7 Rb1 42. a5 Rb5+ 43. Bc5 Rxa5
44. Rxa5 Bxa5 $11) 41... Rb5+ 42. Bc5 Rxa5 43. Rxa5 Bxa5 44. Bf8 Bd2 45. Bxg7
1/2-1/2

[Event "CZE-ch"]
[Site "Zlin"]
[Date "1997.??.??"]
[Round "1"]
[White "Velicka, Petr"]
[Black "Freisler, Pavel"]
[Result "0-1"]
[WhiteElo "2405"]
[BlackElo "2365"]
[Annotator "Finkel,A"]
[PlyCount "120"]
[EventDate "1997.06.12"]
[EventType "tourn"]
[EventRounds "11"]
[EventCountry "CZE"]
[EventCategory "10"]
[SourceTitle "CBM 061"]
[Source "ChessBase"]
[SourceDate "1997.11.23"]
[SourceVersion "1"]
[SourceVersionDate "1997.11.23"]
[SourceQuality "1"]

1. e4 {Hecht} Nf6 2. e5 Nd5 3. d4 d6 4. c4 Nb6 5. exd6 exd6 6. Nc3 Be7 7. Be3 (
7. Bd3 $5) 7... O-O 8. Nf3 Bg4 9. Be2 Nc6 10. b3 Bf6 (10... Re8 $5 11. Qd2 Bf6
12. O-O d5 13. c5 Nc8 14. h3 Be6 (14... Bf5 $5 $13) 15. b4 a6 16. b5 $1 axb5
17. Nxb5 $14 {[%csl Rc7] Djurhuus,R-Tisdall,J/Gausdal Eikrem 1996/EXP 54/
[Tisdall]/1-0 (45)} (17. Nxb5 {Hecht} Na5 18. Bf4 Re7 19. Rfe1 b6 20. Rac1 c6
21. Nd6 Nxd6 22. Bxd6 Rb7 23. Ne5 bxc5 24. Bxc5 Bg5 25. f4 {Djurhuus,R-Tisdall,
J/Gausdal Eikrem 1996/EXP 54/[Tisdall]/1-0 (45)})) 11. h3 $5 (11. O-O d5 12. c5
Nc8 13. b4 $5 N8e7 14. b5 Na5 15. h3 Bxf3 16. Bxf3 c6 $13 {Gipslis,A-Larsen,B/
Sousse izt 1967/IZT (43)} (16... c6 {Hecht} 17. Qd3 Nc4 18. Bf4 Ng6 19. Bh2 Bg5
20. bxc6 bxc6 21. Bd1 Bf4 22. Bc2 Bxh2+ 23. Kxh2 Qf6 24. g3 Rfe8 25. Kg2 Qg5
26. Kh2 Nb2 27. Qf3 Qd2 28. Bxg6 hxg6 29. Nd1 Nc4 30. Qc3 Rab8 31. Rc1 Re4 32.
Rc2 Qxd4 33. Qxd4 Rxd4 34. Re1 a5 35. Kg2 a4 36. Nc3 a3 37. Na4 g5 38. Re7 Rb4
39. Nb6 Rb2 40. Rc3 Rxa2 41. Nxc4 dxc4 42. Rc7 Rdd2 43. Rf3 c3 {0-1 Gipslis,
A-Larsen,B/Sousse izt 1967/IZT})) 11... Be6 (11... Bh5 12. O-O Re8 13. Qd2 d5
14. c5 Nc8 15. Rae1 $14) 12. Ne4 {Another possibility was} (12. O-O $5 d5 13.
c5 Nc8 14. b4 $1 Re8 15. b5 N6e7 16. Bf4 Ng6 $13 {with complicated position.})
12... d5 13. Nxf6+ Qxf6 14. c5 Nc8 15. Qd2 Bf5 $132 (15... Qg6 $6 16. Ng5 (16.
O-O $6 Bxh3 17. Nh4 Qe4 $17) 16... Bf5 (16... h6 $6 17. Nxe6 Qxg2 18. O-O-O
fxe6 19. Rdg1 $18) 17. g4 Be4 18. f3 Bc2 19. Rc1 Re8 20. Kf2 $16) 16. b4 a6 17.
O-O N8e7 18. a4 Ng6 19. b5 axb5 20. axb5 Nce7 21. g4 $5 (21. Rfe1 $5 {[%csl
Rf6]} h6 22. Bf4 c6 (22... Bxh3 23. Bxc7 Bg4 24. Be5 Nxe5 25. Nxe5 Rxa1 26.
Rxa1 $16) 23. Bd6 cxb5 24. Rxa8 Rxa8 25. Bxb5 $14) 21... Bd7 22. Rae1 $36 {
White's chances in forthcoming struggle are clearly better.He has quiet
considerable advantage in space and all his pieces are pretty well-placed.} h6
$1 {Good defensive move taking under controle square g5.} 23. Ne5 Nxe5 24. dxe5
Qh4 (24... Qxe5 $5 25. Bf4 Qf6 26. Bxc7 Ra3 $1 $13) 25. Kg2 c6 26. f4 Ng6 27.
Bd4 (27. Bf3 Qe7 28. Kh2 Rfe8 29. Bd4 Nh4 30. Bh1 cxb5 $132) 27... Ra3 $1 28.
Rf3 $4 {This move is losing on spot.Correct was} (28. Bc3 cxb5 29. Ra1 Rfa8 30.
Rxa3 Rxa3 31. f5 Ne7 32. Qb2 {with complicated struggle.}) 28... Rfa8 $4 {
Black refuses to take the gift!Simple} (28... Rxf3 29. Bxf3 Nxf4+ $1 $19 {
would be lethal.}) 29. Bf2 $13 Rxf3 $5 30. Bxf3 (30. Bxh4 $6 Nxh4+ 31. Kg1 Raa3
{[%csl Rg1]} 32. bxc6 Bxc6 33. Rd1 Rxh3 $40) 30... Qe7 31. Qd4 $6 cxb5 32. Bg3
Ra4 33. Qd2 Qxc5 $17 34. f5 Nf8 35. f6 (35. Qxd5 $6 Qc2+ 36. Kg1 (36. Re2 $2
Qxe2+ $1 37. Bxe2 Bc6 $19) 36... Bc6 37. Qd1 Ra2 $1 38. Qxc2 Rxc2 $17) 35...
Ng6 36. fxg7 Kxg7 37. Qxd5 Qxd5 38. Bxd5 Bc6 39. Rd1 Nf4+ 40. Bxf4 Rxf4 {
The arising endgame is very difficult for white.Nevertheless black's task to
convert his advantage into win is not so easy.} 41. Kg3 Ra4 42. h4 b4 43. e6
fxe6 44. Bxe6 Kf6 45. Bf5 Ra3+ 46. Kf2 Ke5 47. Rb1 (47. Rd8 b3 48. Rd3 Ra2+ 49.
Ke3 Bd5 $19) 47... Rf3+ 48. Ke2 b3 49. Kd2 Bd5 50. Rd1 Rh3 51. h5 Bf3 52. Rb1
Bd5 53. Rd1 Rh1 $19 54. Rxh1 Bxh1 {Hecht: A bad White bishop with a serious
disadvantage in space, as well as strong Black passed b-pawns. Simple
technique. Hecht: Schlechter weißer Läufer bei großem Raumnachteil sowie
starkem schwarzen b-Freibauern. Einfache Technik.} 55. Ke3 (55. Kc3 {Hecht} Bd5
56. Bc8 Kf4 57. Kb2 b6 58. Bd7 Bf3 59. Kxb3 Bxg4 60. Be8 Kg5 61. Kb4 Bxh5 62.
Bc6 Be2 $19) 55... Bd5 56. Bb1 Bc4 (56... Be6 $6 {Hecht} 57. Kf3 Kd4 $2 (57...
Bd5+ $1 $19) 58. Kf4 Kc3 (58... Bc4 59. g5 hxg5+ 60. Kxg5 Bd3 61. Bxd3 Kxd3 62.
h6 b2 63. h7 b1=Q 64. h8=Q Qg1+ {A draw, according to the Endgame CD Remis
laut ENDSPIEL-CD}) 59. g5 hxg5+ 60. Kxg5 Kb2 61. h6 Bg8 62. h7 Bxh7 63. Bxh7
Kc1 64. Kf4 b2 65. Ke5 b1=Q 66. Bxb1 Kxb1 67. Kd5 $11) 57. g5 (57. Kf3 {Hecht}
b2 58. Ke3 b5 59. Kd2 Kf4 60. Kc3 Kxg4 61. Kxb2 Kxh5 $19) 57... hxg5 58. h6 Kf6
59. h7 Kg7 60. Kd4 (60. Bf5 {Hecht} b2 61. Bb1 g4 62. Kf4 Be2 63. Kg3 b5 64.
Kf2 Bd1 $19 {[%cal Rb5b4,Rb4b3,Rd1c2]}) 60... Be2 (60... Be2 {Hecht} 61. Kc3
Bd1 62. Be4 Bc2 63. Bxb7 Kxh7 $19 {[%cal Yh7h3,Yg5g2]}) 0-1